000
00415nam a2200133Ia 4500
008
151001s9999||||xx |||||||||||||| ||und||
100
_a
सदाशिव आठवले
245
_a
परीपरीचे प्रियकर तर्हेतर्हेचे प्रिया
250
_a
1
260
_b
सुरस ग्रंथमाला
260
_c
1963
300
_a
107
365
_b
7
999
_c
954142
_d
954139